000 00923nam a2200289 i 4500
001 105029
003 ES-MaACL
005 20250827235440.0
007 t|
008 060606s1972 it ||||1| ita d
080 _a37
080 _a5
080 _a009
100 0 _aSexto Empírico.
_9105957
245 1 0 _aContro i matematici
_b: libri I-VI /
_cSesto Empirico ; introduzione, traduzione e note di Antonio Russo.
250 _a1ª ed.
260 _aBari :
_bLaterza,
_c1972.
300 _aLVI, 230 p. ;
_c18 cm.
490 1 _aPiccola biblioteca filosofica Laterza ;
_v78
650 1 4 _aEnseñanza.
_912279
650 1 7 _aCiencias
_2embne
_910971
650 1 7 _aHumanidades
_2embne
_913498
700 1 _aRusso, Antonio.
_9101053
830 0 _aPiccola biblioteca filosofica Laterza ;
_v78
_9184914
852 _aES-MaACL
_jE-11271
_z. - Biblioteca Jacinto Martínez Lacalle
999 _c105029
_d105029